Konkurzy a reštrukturalizácie v Slovenskej republike vo svetle dlhu voči verejnému sektoru

Životný cyklus podniku označuje obdobie, ktoré sa začína založením a vznikom podniku a ukončuje sa jeho zánikom. Začiatok a ukončenie podnikateľskej aktivity podniku slúži ako časové ohraničenie jeho existencie na trhu. Životný cyklus podniku odzrkadľuje všetky aspekty podnikateľskej činnosti, či už...

Ausführliche Beschreibung

Gespeichert in:
Bibliographische Detailangaben
1. Verfasser: Jančovičová Bognárová, Kristína, 1979-
Weitere Verfasser: Gertler, Ľubomíra, 1977-, Voštenáková, Viktória
Format: Buchkapitel
Sprache:Slowakisch
Schlagworte:
Tags: Tag hinzufügen
Keine Tags, Fügen Sie das erste Tag hinzu!

MARC

LEADER 00000naa$a2200000$$$4500
001 0306029
005 20250113113508.4
041 0 |a slo 
044 |a SK 
245 1 0 |a Konkurzy a reštrukturalizácie v Slovenskej republike vo svetle dlhu voči verejnému sektoru  |c Kristína Jančovičová Bognárová, Ľubomíra Gertler, Viktória Voštenáková 
520 |a Životný cyklus podniku označuje obdobie, ktoré sa začína založením a vznikom podniku a ukončuje sa jeho zánikom. Začiatok a ukončenie podnikateľskej aktivity podniku slúži ako časové ohraničenie jeho existencie na trhu. Životný cyklus podniku odzrkadľuje všetky aspekty podnikateľskej činnosti, či už ide o vonkajšie a vnútorné aspekty, manažérske, výrobno-technologické, etické, organizačno-právne, ekologické alebo ekonomické aspekty. 
610 2 0 |a dlhy 
610 2 0 |a sektor verejný 
610 2 0 |a reštrukturalizácia 
610 2 0 |a podnikanie 
610 2 0 |a podnik 
610 2 0 |a manažment 
100 1 |a Jančovičová Bognárová, Kristína, 1979- 
700 1 |a Gertler, Ľubomíra, 1977- 
700 1 |a Voštenáková, Viktória